Countries by One Word Clue #2 - Statistics

General Stats
  • This quiz has been taken 54 times
  • The average score is 12 of 15
Answer Stats
Clue Country % Correct
Panda China
94%
Jews Israel
94%
Pope Vatican City
92%
Rio Brazil
90%
Kiwi New Zealand
88%
Siberia Russia
88%
Rupee India
84%
Ottoman Turkey
80%
Leprechaun Ireland
78%
Lemur Madagascar
76%
Free United States
74%
Galapagos Ecuador
68%
Ruhr Germany
66%
Timbuktu Mali
56%
Luzon Philippines
50%
No matching quizzes found
Score Distribution
Percent of People with Each Score
Percentile by Number Answered
Your Score History
You have not taken this quiz